Communities and alternatives (Record no. 269265)

MARC details
000 -LEADER
fixed length control field 00779nam a2200253Ia 4500
003 - CONTROL NUMBER IDENTIFIER
control field OSt
005 - DATE AND TIME OF LATEST TRANSACTION
control field 20220918220613.0
008 - FIXED-LENGTH DATA ELEMENTS--GENERAL INFORMATION
fixed length control field 220917b |||||||| |||| 00| 0 eng d
037 ## - SOURCE OF ACQUISITION
Terms of availability Textual
040 ## - CATALOGING SOURCE
Original cataloging agency ARTS
Transcribing agency ARTS
Language of cataloging eng
041 ## - LANGUAGE CODE
Source of code eng
Language code of text/sound track or separate title eng
100 ## - MAIN ENTRY--PERSONAL NAME
Personal name Gottschalk Shimon S.
9 (RLIN) 137884
245 #0 - TITLE STATEMENT
Title Communities and alternatives
Remainder of title An explorating the limits of planning
260 ## - PUBLICATION, DISTRIBUTION, ETC.
Place of publication, distribution, etc. Cambrige
Name of publisher, distributor, etc. Schenkman
Date of publication, distribution, etc. 1975
300 ## - PHYSICAL DESCRIPTION
Extent xvii 167p. Tables,plates.
Dimensions cm.
500 ## - GENERAL NOTE
General note AppendixA: Theory of communal organisations. B.:Community schedule p.133-69.
650 ## - SUBJECT ADDED ENTRY--TOPICAL TERM
Topical term or geographic name entry element SOCIOLOGY
942 ## - ADDED ENTRY ELEMENTS (KOHA)
Classification part Y31, L52
Koha item type Textual
Source of classification or shelving scheme Colon Classification (CC)
Holdings
Withdrawn status Lost status Damaged status Not for loan Home library Current library Date acquired Total Checkouts Full call number Barcode Date last seen Price effective from Koha item type Public note
        Arts Library Arts Library 2022-09-18   Y31 L52 AL0241414 2022-09-18 2022-09-18 Textual Bibliography.p.163-69
Copyright @ Delhi University Library System